2025 NBA Cup Teams - Sudden Death - Statistics

General Stats
  • This quiz has been taken 65 times
  • The average score is 4 of 8
Answers on the Grid
Answers color-coded by a green-red scale on the quiz's grid according to % correct below.
76ers
Bucks
Bulls
Cavaliers
Celtics
Clippers
Grizzlies
Hawks
Heat
Hornets
Jazz
Kings
Knicks
Lakers
Magic
Mavericks
Nets
Nuggets
Pacers
Pelicans
Pistons
Raptors
Rockets
Spurs
Suns
Thunder
Timberwolves
Trail Blazers
Warriors
Wizards
 
Answer Stats
Answer % Correct
Knicks
69%
Spurs
63%
Lakers
60%
Thunder
60%
Raptors
40%
Magic
37%
Suns
37%
Heat
31%
No matching quizzes found
Score Distribution
Percent of People with Each Score
Percentile by Number Answered
Your Score History
You have not taken this quiz